NFL Super Bowl Winners Each Year - Statistics

General Stats
  • This quiz has been taken 251 times
    20 since last reset
  • The average score is 56 of 60
Answer Stats
Super Bowl Super Bowl Winner % Correct
Super Bowl 16 49ers
100%
Super Bowl 19 49ers
100%
Super Bowl 23 49ers
100%
Super Bowl 24 49ers
100%
Super Bowl 29 49ers
100%
Super Bowl 52 Eagles
100%
Super Bowl 59 Eagles
100%
Super Bowl 1 Packers
100%
Super Bowl 2 Packers
100%
Super Bowl 31 Packers
100%
Super Bowl 45 Packers
100%
Super Bowl 36 Patriots
100%
Super Bowl 38 Patriots
100%
Super Bowl 39 Patriots
100%
Super Bowl 49 Patriots
100%
Super Bowl 51 Patriots
100%
Super Bowl 53 Patriots
100%
Super Bowl 35 Ravens
100%
Super Bowl 47 Ravens
100%
Super Bowl 48 Seahawks
100%
Super Bowl 60 Seahawks
100%
Super Bowl 20 Bears
93%
Super Bowl 32 Broncos
93%
Super Bowl 33 Broncos
93%
Super Bowl 50 Broncos
93%
Super Bowl 4 Chiefs
93%
Super Bowl 54 Chiefs
93%
Super Bowl 57 Chiefs
93%
Super Bowl 58 Chiefs
93%
Super Bowl 6 Cowboys
93%
Super Bowl 12 Cowboys
93%
Super Bowl 27 Cowboys
93%
Super Bowl 28 Cowboys
93%
Super Bowl 30 Cowboys
93%
Super Bowl 21 Giants
93%
Super Bowl 25 Giants
93%
Super Bowl 42 Giants
93%
Super Bowl 46 Giants
93%
Super Bowl 11 Raiders
93%
Super Bowl 15 Raiders
93%
Super Bowl 18 Raiders
93%
Super Bowl 34 Rams
93%
Super Bowl 56 Rams
93%
Super Bowl 37 Buccaneers
87%
Super Bowl 55 Buccaneers
87%
Super Bowl 5 Colts
87%
Super Bowl 41 Colts
87%
Super Bowl 17 Commanders
87%
Super Bowl 22 Commanders
87%
Super Bowl 26 Commanders
87%
Super Bowl 44 Saints
87%
Super Bowl 9 Steelers
87%
Super Bowl 10 Steelers
87%
Super Bowl 13 Steelers
87%
Super Bowl 14 Steelers
87%
Super Bowl 40 Steelers
87%
Super Bowl 43 Steelers
87%
Super Bowl 3 Jets
80%
Super Bowl 7 Dolphins
67%
Super Bowl 8 Dolphins
67%
No matching quizzes found
Score Distribution
Percent of People with Each Score
Percentile by Number Answered
Your Score History
You have not taken this quiz since the last reset